Normal view MARC view

Entry Topical Term

Number of records used in: 1

001 - CONTROL NUMBER

  • control field: 48514

003 - CONTROL NUMBER IDENTIFIER

  • control field: OSt

005 - DATE AND TIME OF LATEST TRANSACTION

  • control field: 20241104160318.0

008 - FIXED-LENGTH DATA ELEMENTS

  • fixed length control field: 241104|| aca||aabn | a|a d

040 ## - CATALOGING SOURCE

  • Original cataloging agency: OSt
  • Transcribing agency: OSt

150 ## - HEADING--TOPICAL TERM

  • Topical term or geographic name entry element: Communication perspective, Communicative practices, Content moderation, Instagram, Pole dance, Sex work, Stigma-management strategies, Stigmatization.

670 ## - SOURCE DATA FOUND

  • Source citation: Work cat.: (OSt): Leybold, Milena and Nadegger, Monica 48513, Overcoming communicative separation for stigma reconstruction: How pole dancers fight content moderation on instagram

Powered by Koha